000
00321nam a22001457a 4500
020
_a
978-93-86595-14-0
041
_a
ENG
100
_a
Smith.H.P
245
_a
Farm Machinery And Equipment
250
_a
Fourth Edition
260
_a
New Delhi
_b
Agri Horti Press
_c
2018
300
_a
514
650
_a
FMP
856
_u
FMP
999
_c
81
_d
81